Monoclonal antibodies in biology and biotechnology: Theoretical and practical aspects (Record no. 40206)

MARC details
000 -LEADER
fixed length control field 00510nam a2200169Ia 4500
082 ## - DEWEY DECIMAL CLASSIFICATION NUMBER
Classification number 573.6
Item number MCC
100 ## - MAIN ENTRY--AUTHOR NAME
Personal name Spier, Kenneth C
245 #0 - TITLE STATEMENT
Title Monoclonal antibodies in biology and biotechnology: Theoretical and practical aspects
260 ## - PUBLICATION, DISTRIBUTION, ETC. (IMPRINT)
Place of publication New York
Name of publisher Cambridge University
Year of publication 1990
490 ## - SERIES STATEMENT
Series statement Cambrdige Studies in biotechnology 8
650 ## - SUBJECT ADDED ENTRY--TOPICAL TERM
Topical Term Cloning
650 ## - SUBJECT ADDED ENTRY--TOPICAL TERM
Topical Term Hybridomas
650 ## - SUBJECT ADDED ENTRY--TOPICAL TERM
Topical Term Monoclonal antibodies
700 ## - ADDED ENTRY--PERSONAL NAME
Personal name Raymond E
942 ## - ADDED ENTRY ELEMENTS (KOHA)
Koha item type Books
Holdings
Withdrawn status Lost status Damaged status Not for loan Home library Current library Date acquired Cost, normal purchase price Full call number Accession Number Koha item type
        RRII Library RRII Library 16/12/2021 3042.00 573.6 MCC 20513 Books